000 00443nam a2200133Ia 4500
008 170516s9999 xx 000 0 und d
245 _aComparison of Rapid Bronchodilatory Effects of Salmeterol and Formoterol in Patients with Moderate to Severe Asthma
260 _bJournal of Pharmaceutical Care
260 _c2014
300 _a2:1
500 _aWinter
650 _xPharmacy
856 _uhttp://jpc.tums.ac.ir/index.php/jpc/issue/view/6
999 _c331093
_d331093